En los umbrales de una nueva edad / (Record no. 167766)
[ view plain ]
| 000 -LEADER | |
|---|---|
| campo de control de longitud fija | 01101nam a2200253 i 4500 |
| 001 - NÚMERO DE CONTROL | |
| campo de control | 167766 |
| 003 - IDENTIFICADOR DE NÚMERO DE CONTROL | |
| campo de control | ES-MaACL |
| 005 - FECHA Y HORA DE LA ÚLTIMA TRANSACCIÓN | |
| campo de control | 20250913121956.0 |
| 008 - DATOS DE LONGITUD FIJA--INFORMACIÓN GENERAL | |
| campo de control de longitud fija | 191118s1968 sp | |||||||| ||spa d |
| 245 00 - MENCIÓN DEL TÍTULO | |
| Título | En los umbrales de una nueva edad / |
| Mención de responsabilidad, etc. | por José María Jover Zamora, Juan Reglá Campistol, Fr. Luis María de Lojendio, O.S.B., Julio Salom Costa, Álvaro Castillo Pintado, Mario Hernández Sánchez-Barba, Mons. Federico Sopeña Ibáñez. |
| 260 ## - PUBLICACIÓN, DISTRIBUCIÓN, ETC. | |
| Lugar de publicación, distribución, etc. | Madrid : |
| Nombre del editor, distribuidor, etc. | Espasa-Calpe, |
| Fecha de publicación, distribución, etc. | 1968. |
| 300 ## - DESCRIPCIÓN FÍSICA | |
| Extensión | XII, 912 p., [37] h. : |
| Otras características físicas | il. col. y n., mapas col. y n. ; |
| Dimensiones | 27 cm. |
| 650 04 - PUNTO DE ACCESO ADICIONAL DE MATERIA--TÉRMINO DE MATERIA | |
| Término de materia o nombre geográfico como elemento de entrada | Historia contemporánea- |
| Subdivisión cronológica | S.XX |
| 9 (RLIN) | 13396 |
| 700 1# - ENTRADA AGREGADA--NOMBRE PERSONAL | |
| Nombre de persona | Jover Zamora, José María, |
| Fechas asociadas al nombre | 1920-2006 |
| 9 (RLIN) | 67068 |
| 700 1# - ENTRADA AGREGADA--NOMBRE PERSONAL | |
| Nombre de persona | Reglá, Juan, |
| Fechas asociadas al nombre | 1917-1973 |
| 9 (RLIN) | 95897 |
| 700 1# - ENTRADA AGREGADA--NOMBRE PERSONAL | |
| Nombre de persona | Lojendio, Luis María de. |
| 9 (RLIN) | 73151 |
| 700 1# - ENTRADA AGREGADA--NOMBRE PERSONAL | |
| Nombre de persona | Salom Costa, Julio. |
| 9 (RLIN) | 168763 |
| 700 1# - ENTRADA AGREGADA--NOMBRE PERSONAL | |
| Nombre de persona | Castillo Pintado, Alvaro. |
| 9 (RLIN) | 36762 |
| 700 1# - ENTRADA AGREGADA--NOMBRE PERSONAL | |
| Nombre de persona | Hernández Sánchez-Barba, Mario, |
| Fechas asociadas al nombre | 1925-2021 |
| 9 (RLIN) | 63053 |
| 700 1# - ENTRADA AGREGADA--NOMBRE PERSONAL | |
| Nombre de persona | Sopeña Ibáñez, Federico, |
| Fechas asociadas al nombre | 1917-1991 |
| 9 (RLIN) | 107321 |
| 852 ## - LOCALIZACIÓN | |
| Ubicación | ES-MaACL |
| Número de control de estantería | P-1045-11 |
| 942 ## - ELEMENTOS DE ENTRADA SECUNDARIOS (KOHA) | |
| Fuente del sistema de clasificación o colocación | Clasificación decimal universal |
| Estatus retirado | Estado de pérdida | Estado de daño | No para préstamo | Biblioteca de origen | Biblioteca actual | Ubicación en estantería | Fecha de adquisición | Fuente de adquisición | Total de préstamos | Signatura topográfica completa | Código de barras | Visto por última vez | Precio de reemplazo | Tipo de ítem Koha |
|---|---|---|---|---|---|---|---|---|---|---|---|---|---|---|
| Biblioteca del Ateneo de Madrid | Biblioteca del Ateneo de Madrid | Depósito 2 | 18/11/2019 | P-1045-11 | 1201253 | 23/02/2023 | 23/02/2023 | Libro impreso |
